La morte di Vivek /

Guardat en:
Dades bibliogràfiques
Autor principal: Emezi, Akwaeke (Autor)
Altres autors: Dazzi, Benedetta (Traductor)
Format: Llibre
Idioma:italià
Publicat: Milano : Il saggiatore, 2021,
Col·lecció:La cultura ; 1437
Etiquetes: Afegir etiqueta
Sense etiquetes, Sigues el primer a etiquetar aquest registre!

MARC

LEADER 00000nam a2200000 i 4500
001 IT\ICCU\LO1\1817063
003 ItRI
005 20260220111348.0
008 210319s2021 it |||||| |||||1|||||c
015 |2 IT  |a 2021-3398 
020 |a 9788842826675 
040 |b ita  |c NP 
041 7 |a ita  |2 ISO-639-2 
082 |a 813.6  |2 23 
100 1 |a Emezi, Akwaeke  |0 IT\ICCU\RAVV\691837  |4 aut 
240 1 4 |a The death of Vivek Oji  |9 Emezi, Akwaeke 
245 1 3 |a La morte di Vivek /  |c Akwaeke Emezi ; traduzione di Benedetta Dazzi. 
260 |a Milano :  |b Il saggiatore,  |c 2021,  |g (stampa 2020) 
300 |a 278 p. ;  |c 22 cm 
700 1 |a Dazzi, Benedetta  |0 IT\ICCU\RAVV\691838  |4 trl 
830 3 |a La cultura ;  |v 1437  |0 IT\ICCU\CFI\0001384 
942 |2 ddc  |c BK  |n 0 
952 |0 0  |1 0  |2 ddc  |4 0  |6 813_600000000000000_EME_MOR  |7 0  |9 33099  |a RO  |b RO  |d 2026-02-20  |l 0  |o 813.6 EME MOR  |p 11691  |r 2026-02-20 11:14:58  |w 2026-02-20  |y BK 
981 1 |6 z01  |a i   |b xxxe  
982 1 |6 z01  |a n 
999 |c 28758  |d 28758